Vzory a povinná dokumentácia zamestnávateľa (vrátane príloh k vzorom, výkladu z aplikačnej praxe a súvisiacej judikatúry)

Bibliographic Details
Main Authors: Bános, Róbert (Author), Lukajka, Jozef (Author)
Format: Book
Language:Slovak
PhysicalDescription:vii, 441 strán 25 cm
Published: Bratislava Eurokódex, s.r.o. 2018
ISBN:9788081550812
Edition:Prvé vydanie
Subjects:

MARC

LEADER 00000cam a2200000 4500
001 vtls011857094
003 SK-MaSNL
005 20260426010330.0
008 200612s2018 xo e f 000 0dslo
015 |a SNBA2019/09 
020 |a 9788081550812  |q (viazané) 
035 |a urn:nbn:sk:snk-am00dsu6 
035 |a urn:nbn:sk:snk-am3i7jf 
035 |a F44D5086-D00B-4574-B597-670A7F58FFC6 
040 |a SNK  |b slo  |c SNK  |e rda 
041 0 |a slo 
043 |a e-xo--- 
044 |a xo  |c SK 
072 7 |a 349  |x Pracovné, sociálne, stavebné právo. Právo životného prostredia  |2 konspekt 
080 |a 349.2  |2 2011 
080 |a 331.106  |2 2011 
080 |a 347.931  |2 2011 
080 |a (437.6)  |2 2011 
080 |a (035)  |2 2011 
080 |a 347.440-025.13  |2 2011 
080 |a 34(094)  |2 2011 
080 |a 347.951  |2 2011 
100 1 |a Bános, Róbert  |4 aut  |9 312990 
245 1 0 |a Vzory a povinná dokumentácia zamestnávateľa  |b (vrátane príloh k vzorom, výkladu z aplikačnej praxe a súvisiacej judikatúry)  |c Róbert Bános, Jozef Lukajka 
246 1 |i Obálkový podnázov:  |a Pracovné právo 
250 |a Prvé vydanie 
264 1 |a Bratislava  |b Eurokódex, s.r.o.  |c 2018 
300 |a vii, 441 strán  |c 25 cm 
336 |a text  |b txt  |2 rdacontent 
337 |a bez média  |b n  |2 rdamedia 
338 |a zväzok  |b nc  |2 rdacarrier 
500 |a Obsahuje biografické údaje o autoroch 
650 0 7 |a pracovné právo  |2 SNKPH  |9 982 
650 0 7 |a pracovnoprávne vzťahy  |2 SNKPH  |9 2338 
650 0 7 |a právne podania  |2 SNKPH  |9 67845 
650 0 7 |a právne dokumenty  |2 SNKPH  |9 59327 
650 0 7 |a vzory zmlúv  |2 SNKPH  |9 413521 
650 0 7 |a Labor laws and legislation  |2 SNKPHeng  |9 266962 
650 0 7 |a Contract templates  |2 SNKPHeng  |9 413522 
650 0 7 |a Legal documents  |2 SNKPHeng  |9 341071 
650 0 7 |a Forms (law)  |2 SNKPHeng  |9 332541 
650 0 7 |a Labor-law relations  |2 SNKPHeng  |9 318288 
650 0 7 |a súdne rozhodnutia a stanoviská  |2 SNKPH  |9 4638 
650 0 7 |a Judgments  |2 SNKPHeng  |9 274954 
651 7 |a Slovensko  |2 SNKPHgeo  |9 14231 
651 7 |a Slovakia  |2 SNKPHeng  |9 92630 
655 7 |a príručky  |2 SNKPH  |9 74364 
655 7 |a Handbooks, manuals, etc.  |2 SNKPHeng  |9 90964 
700 1 |a Lukajka, Jozef  |4 aut  |9 667337 
852 |a Štátna vedecká knižnica v Banskej Bystrici 
919 |a 978-80-8155-081-2 
999 |c 1031706  |d 1033636 
952 |a SNK  |b SNK  |y PREZ  |7 0  |p 17A1374877  |o snkSC 183409  |i snk2019/18903  |8 0  |0 0  |1 0  |4 0  |d 2019-07-16  |f 1  |l 0  |r 2026-02-24 13:56:58  |w 2026-02-24 
952 |a SNK  |b SNK  |y VYP  |7 0  |p 17A1374878  |o snkSC 183409 D1  |i snk2019/18904  |8 0  |0 0  |1 0  |4 0  |d 2019-07-16  |l 0  |r 2026-02-24 13:56:58  |w 2026-02-24 
952 |t snkBAN 349.2  |a SNKUST  |b SNKUST  |y PREZ  |7 0  |p 17A1362002  |o snkSC 183409 D2  |i snk2019/8327  |8 3  |g 36.08  |0 0  |1 0  |4 0  |d 2019-03-26  |l 0  |r 2025-03-21 00:00:00  |w 2026-02-24